01280nam a2200217Ia 450000500170000000800410001704000700005804100080012808200170013610000370015324500600019025000220025026000570027230000310032950004000036050502180076050600210097865000150099965000200101465000280103420221019115518.0130821s1852 ck fr spa  aCo-BoUCMbspacSandra Yazo (modificó)dSandra Yazo (modificó) aspa04a342.98612201 aPinzón, Cerbeleónd1813-187010aTratado de ciencia constitucionalcCerbeleón Pinzón aSegunda edición aBogotá (Colombia)bImprenta del Neogranadinoc1852 a192 páginasc22 x 16 cm. aDetalles físicos: Encuadernación rígida (holandesa) en cartón forrado en papel, lomo en percalina, con faltante en la parte superior. Guardas, la delantera con una nota de pertenencia, José Tomás Monroi. Bogotá julio 8 de 1868 y en la guarda posterior una anotación manuscrita. Anteportada. Portada impresa en una sola tinta. Texto en una sola columna. Papel con algunas manchas.2 aNociones preliminares ; Organización de los poderes simples de la soberanía: Poder legislativo, ejecutivo, judicial. Derechos y de las garantías generales ; Poder seccional ; Poder constituyente o electoral. aConsulta en sala 7aElecciones 7aPoder público 7aTeoría constitucional